000 00419cam a22001337a 4500
008 180718b1993 xxu||||| |||| 00| 0 eng d
020 _a817033190X
082 _aK5:N4 J776
100 _aJoshi, R.P.
245 _aPolice training in community relations: perspective on the United States and India
_cby R.P. Joshi
260 _aJaipur
_bRawat
_c1993
300 _a159p.
650 _aTraining - Police - Community relations
999 _c358046
_d358046